000 00212 a2200097 4500
020 _a9780531162095
041 _aeng
100 _aMcDonald, Fiona
245 _aYou wouldnt want to be an Aztec sacrifice
942 _cBK
999 _c9643
_d9643